Famous People with Biblical Names #2 - Statistics

General Stats
  • This quiz has been taken 46 times
  • The average score is 11 of 15
Answer Stats
Hint Answer % Correct
16th President of the United States {Abraham} Lincoln
100%
Bassist and singer of The Beatles {Paul} McCartney
100%
American Founding Father seen on the $100 bill {Benjamin} Franklin
98%
English polymath known for developing the laws of motion {Isaac} Newton
98%
Became Queen of Scotland at six days old in 1542 {Mary}, Queen of Scots
98%
Best Actor Oscar winner for "Dallas Buyers Club" {Matthew} McConaughey
85%
Played Regina George in "Mean Girls" {Rachel} McAdams
78%
Actor known for playing Seth in "Superbad" {Jonah} Hill
68%
Editor-in-Chief of "Vogue" magazine from 1988 to 2025 {Anna} Wintour
63%
Author of "The Scarlet Letter" {Nathaniel} Hawthorne
63%
Colombian novelist who wrote "100 Years of Solitude" {Gabriel} García Márquez
56%
Scottish actress who starred in "The King and I" in 1956 {Deborah} Kerr
54%
Renaissance painter of "The School of Athens" {Raphael}
49%
Swimmer turned actress in 1940s and 1950s "aquamusicals" {Esther} Williams
46%
American televangelist known for prosperity theology {Joel} Osteen
46%
No matching quizzes found
Score Distribution
Percent of People with Each Score
Percentile by Number Answered
Your Score History
You have not taken this quiz